Elementary engineering drawing: Plane and solid geometry / (Record no. 3346)

000 -LEADER
fixed length control field 00511nam a22001697a 4500
008 - FIXED-LENGTH DATA ELEMENTS--GENERAL INFORMATION
fixed length control field 200609b ||||| |||| 00| 0 eng d
020 ## - INTERNATIONAL STANDARD BOOK NUMBER
International Standard Book Number 9788185594583
082 00 - DEWEY DECIMAL CLASSIFICATION NUMBER
Classification number 620.00222
Item number B5755
100 ## - MAIN ENTRY--PERSONAL NAME
9 (RLIN) 1437
Personal name Bhatt, N. D.
245 10 - TITLE STATEMENT
Title Elementary engineering drawing: Plane and solid geometry /
250 ## - EDITION STATEMENT
Edition statement 49th ed.
260 ## - PUBLICATION, DISTRIBUTION, ETC. (IMPRINT)
Place of publication, distribution, etc Gujrat:
Name of publisher, distributor, etc Charotar Publication,
Date of publication, distribution, etc 2008.
300 ## - PHYSICAL DESCRIPTION
Extent xvi, 600 p.
650 #0 - SUBJECT ADDED ENTRY--TOPICAL TERM
Topical term or geographic name as entry element Engineering Drawing
700 ## - ADDED ENTRY--PERSONAL NAME
9 (RLIN) 2370
Personal name Panchal, V. M.
942 ## - ADDED ENTRY ELEMENTS (KOHA)
Item type Books
Holdings
Withdrawn status Lost status Source of classification or shelving scheme Damaged status Not for loan Permanent location Current location Date acquired Source of acquisition Total Checkouts Full call number Barcode Checked out Date last seen Date last borrowed Cost, replacement price Koha item type Total Renewals
          IMU Kolkata IMU Kolkata 2012-01-24 R. B. Enterprises 1 620.00222 B5755 11462 2026-07-14 2026-01-15 2026-01-15 150.00 Books  
          IMU Kolkata IMU Kolkata 2012-01-24 R. B. Enterprises 1 620.00222 B5755 11463   2024-07-25 2023-08-24 150.00 Books 1
          IMU Kolkata IMU Kolkata 2012-01-24 R. B. Enterprises   620.00222 B5755 11464   2020-06-09   150.00 Books  
          IMU Kolkata IMU Kolkata 2012-01-24 R. B. Enterprises   620.00222 B5755 11465   2020-06-09   150.00 Books  
Designed and Maintained by IMU-KC Library, Kolkata Campus © Copyright All Rights Reserved

webs counters

Powered by Koha